Score 0/50 Timer 10:00
0 Plays Today
% Correct
Home Alone
74.6%
Willy Wonka and the Chocolate Factory
73.1%
Psycho
73.1%
Back To The Future
70.1%
Ghostbusters
70.1%
The Passion of the Christ
70.1%
Beverly Hills Cop
70.1%
The Fugitive
67.2%
A Clockwork Orange
64.2%
Forrest Gump
55.2%
The Naked Gun
55.2%
Jurassic Park
53.7%
Fast Times at Ridgemont High
53.7%
Groundhog Day
52.2%
Blade Runner
50.7%
The Dead Pool
50.7%
The Terminator
47.8%
Jerry Maguire
47.8%
Big
44.8%
As Good as it Gets
43.3%
Who Framed Roger Rabbit
41.8%
A Fish Called Wanda
38.8%
From Dusk till Dawn
35.8%
Blue Velvet
35.8%
The Big Lebowski
35.8%
% Correct
The Matrix
34.3%
True Lies
34.3%
The Jerk
34.3%
Easy Rider
31.3%
Pearl Harbor
31.3%
Airplaine!
31.3%
Casino
31.3%
Moneyball
29.9%
Con Air
28.4%
There's Something About Mary
26.9%
Independence Day
26.9%
Aliens
25.4%
The Perfect Storm
23.9%
Raising Arizona
23.9%
Being John Malkovich
20.9%
Bedazzled
17.9%
The Poseidon Adventure
16.4%
Emperor of the North
16.4%
Alien
14.9%
Silver Streak
14.9%
Airport
14.9%
Deliverance
13.4%
Breaking Away
13.4%
Three Kings
11.9%
Blue Thunder
11.9%
Remove Ads.
Support Sporcle.
Get the best of Sporcle when you Go Orange. This ad-free experience offers more features, more stats, and more fun while also helping to support Sporcle. Thank you for becoming a member.

You're not logged in!

Compare scores with friends on all Sporcle quizzes.
OR
Log In

Show Comments

Extras

Created Jan 16, 2015ReportNominate
Tags:Movie Characters Quiz

Top Quizzes Today


Score Distribution

Your Account Isn't Verified!

In order to create a playlist on Sporcle, you need to verify the email address you used during registration. Go to your Sporcle Settings to finish the process.

Report this User

Report this user for behavior that violates our Community Guidelines.

Details: